| 000 | 00398 a2200133 4500 | ||
|---|---|---|---|
| 001 | 87797 | ||
| 082 | _aPR 174 | ||
| 090 |
_c41258 _d41258 |
||
| 100 | _aAun Muhammad, NUST Cdt 71004 71 EC | ||
| 245 | _aFluid Structure interaction in case of a wind turbine rotor using Ansys | ||
| 260 |
_aRisalpur _bNUST Risalpur _c2011 |
||
| 300 |
_avi, 115p. _eNadeem Sadiq, Sqn Ldr |
||
| 500 | _aBE Project Reports | ||
| 942 |
_aCAE NUST _kPR 174 |
||
| 999 |
_c322870 _d322870 |
||